Score 0/32 Timer 10:00
0 Plays Today
% Correct
Well, if I had to guess, I'd say that's, uh, Spanish for “a**hole.”
89%
Pain is my foot in your ass, Marie.
84.7%
I don't know, Sky. What do you want me to say? It means Walt has a secret.
84.4%
Yeah, yeah, yeah. He's dreamy. Okay, what else?
82.9%
Oh, yeah. For my spoiled-brat car-wash millionaire nephew? Sure. I'll make sure you get a cell with a view.
82.1%
Hey, I don't get the gag, jagoff. Who is this?
81.4%
You? No. Only shooting you do is into a Kleenex.
81.3%
Well, considering my wife would murder me if I said “no”... Yeah. I want it.
79.9%
Appreciate that...“bro.” Now take your hand off my shoulder.
79.1%
Yeah? I didn't know you had balls.
76.2%
Where'd you get your law degree, Goodman? The same clown college you got that suit?
75.4%
Does the Pope sh*t in his hat?
74.6%
I don't know what to tell you, buddy. It is what it is.
74.1%
Marie...get out.
73.5%
Sure. Your commercials? They suck ass. I've seen better acting in an epileptic wh*rehouse.
71.6%
Not yet. I got one more shot at that little skid mark.
71.5%
% Correct
Yeah, well, nothing personal, Walt, but you wouldn't know a criminal if he was close enough to check you for a hernia.
70.4%
You frickin' brainiac, you frickin' brainiac! I must have skipped that day in school or something, I don't know.
69.2%
Want me to take a look at that utility closet?
67.6%
A guy this clean has got to be dirty.
66.9%
Well, it's not the most we ever took. It's easy money...till we catch you!
66.8%
Damn...Chick's got an ass like an onion. Makes me wanna cry.
65.6%
Yeah, well, no weapons, no bodies, no working lab. Just the word of one nut-job meth-head against Mr. Rogers-Has-a-Lung-Tumor.
63.3%
My name is ASAC Schrader. And you can go f**k yourself.
55.6%
Have Skyler bring the kids here. And then we'll talk.
54.7%
I'm onto some important stuff right here, right now, and Mexico doesn't have a damn thing to do with it!
54.4%
What? You want me to beg?
53.9%
Jesus! Was that my question? Don't think so hard; it's gonna hurt your brain.
50.8%
What? You guys got, like, a printing press in the garage churning out 50s?
50.1%
Yeah, we...we got it.
45.3%
Marie, give up. I mean, seriously, it's... not... gonna happen.
38.9%
You seem a little confused. This here is a buyer's market. I got eight other a**holes just like you, four of them within 100 feet from here.
36.2%

You're not logged in!

Compare scores with friends on all Sporcle quizzes.
OR
Log In

Sporcle TV

Today on Sporcle TV


Watch our educational content, quiz creation guides, and fun videos on Sporcle TV.

Show Comments

Extras

Top Quizzes Today


Score Distribution

Paid Content

Your Account Isn't Verified!

In order to create a playlist on Sporcle, you need to verify the email address you used during registration. Go to your Sporcle Settings to finish the process.

Report this User

Report this user for behavior that violates our Community Guidelines.

Details: